000 00329nam a2200133Ia 4500
008 210430s9999 xx 000 0 und d
082 _a515T449 T
100 _aGeorge B.Thomas,jr
245 _aThomas Calculus
_cGeorge B.Thomas,jr
250 _a11th
260 _aIndia
_bJoel Hass
_c2008
300 _a1228p
942 _cBK
_2ddc
999 _c565930
_d565930